000
00338 a2200157 4500
001
62893
020
_a
040
_c
Anchieta - Pituba
100
_a
Lobo, Francisco Silveira
240
1
0
_a
Educação a distância
_l
por
245
1
0
_a
Educação a distância
300
_a
102
362
0
_a
2000
650
4
_a
Educação
942
_c
BK
999
_c
62893
_d
62893